Normal view MARC view
  • Orduz, Rafael

Entry Nombre Personal

Number of records used in: 1

001 - NUMERO DE CONTROL

  • campo de control: 50699

003 - IDENTIFICADOR DE NUMERO DE CONTROL

  • campo de control: MX-MxUPN

005 - FECHA Y HORA DE LA ÜLTIMA TRANSACCIÓN

  • campo de control: 20231208103302.0

008 - DATOS DE LONGITUD FIJA

  • campo de control de longitud fija: 231208nn fnannbabn n aaa d

040 ## - FUENTE DE CATALOGACIÓN

  • Agencia original de catalogación: MX-MxUPN
  • Lenguaje de catalogación: spa

100 1# - ENCABEZAMIENTO - NOMBRE PERSONAL

  • Nombre personal: Orduz, Rafael

670 ## - FUENTE EN LA QUE SE LOCALIZARON DATOS

  • Cita de la fuente: Vida digital, jóvenes y tejidos territoriales, 2022 :
  • Información localizada: portada (Rafael Orduz)

902 ## - CATALOGADOR

  • Catalogador: VíctorGodínez/081223